LIBRARY & INFORMATION CENTRE, KCAET, TAVANUR

ONLINE PUBLIC ACCESS CATALOGUE (OPAC)

Farm management and crop manual / (Record no. 5518)

MARC details
000 -LEADER
fixed length control field 00395cam a2200157ua 4500
041 ## - LANGUAGE CODE
Language code of text/sound track or separate title eng
082 ## - DEWEY DECIMAL CLASSIFICATION NUMBER
Classification number 028.72631
Item number ADA/FA
100 ## - MAIN ENTRY--AUTHOR NAME
Personal name Adams, R L .
245 ## - TITLE STATEMENT
Title Farm management and crop manual /
250 ## - EDITION STATEMENT
Edition statement 2 /
260 ## - PUBLICATION, DISTRIBUTION, ETC. (IMPRINT)
Place of publication Mumbai :
Name of publisher Oxford & IBH Book Company ,
Year of publication 1965.
300 ## - PHYSICAL DESCRIPTION
Number of Pages 177 ; .
942 ## - ADDED ENTRY ELEMENTS (KOHA)
Koha item type Books
Holdings
Withdrawn status Lost status Damaged status Home library Current library Date acquired Full call number Accession Number Koha item type
Withdrawn     KAUAET KAUAET 07/04/2012 028.72631 8066 Reference
free website counter